ბათუმის შოთა რუსთაველის სახელმწიფო უნივერსიტეტის ბიბლიოთეკა

კლარჯეთის ეკლესიები და მონასტრები / (ბიბ.ჩანაწერი № 40570)

000 -ლიდერი
ფიქსირებული სიგრძის საკონტროლო ველი 01920nam a2200289Ia 4500
001 - საკონტროლო ნომერი
საკონტროლო ველი 7195
003 - საკონტროლო ნომრის იდენტიფიკატორი
საკონტროლო ველი GE_BSU
005 - ბოლო ოპერაციის თარიღი და დრო
საკონტროლო ველი 20230404104652.0
008 - ფიქსირებული სიგრძის მონაცემთა ელემენტები - ზოგადი ინფორმაცია
ფიქსირებული სიგრძის საკონტროლო ველი 181216s2009||||ge |||||||||||||| ||geo||
020 ## - წიგნის საერთაშორისო სტანდარტული ნომერი
International Standard Book Number 9994011588
040 ## - კატალოგიზაციის წყარო
Transcribing agency GE_BSU
041 ## - ენის კოდი
Language code of text/sound track or separate title geo
080 ## - უნივერსალური ათობითი კლასიფიკაციის ინდექსი
Universal Decimal Classification number 726.5(=353.1)(560) ხ-81
100 ## - მთავარი ჩანაწერი - პიროვნების სახელი
Personal name ხოშტარია, დავით.
9 (RLIN) 17452
245 ## - ცნობა სათაურის შესახებ
Title კლარჯეთის ეკლესიები და მონასტრები /
Statement of responsibility, etc დავით ხოშტარია ; თსუ, საქ. ისტორიის კათედრა, სამხრ. კავკ. და ანატოლიის შემსწ. ცენტრი.
264 ## - წარმოების, გამოცემის, დისტრიბუციის და სხვა ცნობები
გამოცემის, წარმოების, დისტრიბუციის... ადგილი თბილისი :
გამოცემის, წარმოების, დისტრიბუციის... სახელწოდება [არტანუჯი],
გამოცემის, წარმოების, დისტრიბუციის... თარიღი 2009.
300 ## - ფიზიკური აღწერა
Extent 332 გვ.;
Other physical details სურ;ტაბ.;
Dimensions 24სმ.
300 ## - ფიზიკური აღწერა
Other physical details ტაბულები გვ:293-330.საკუთარ სახელთა საძ.გვ;278-292.ბიბლიოგრ.ტექსტ.შენიშვნ.და გვ.264-273.
490 ## - სერიის ცნობა
Series statement სამხრეთ კავკასია და ანატოლია /
Volume number/sequential designation სერიის მთ. რედ. როინ მეტრეველი ; 3
501 ## - შენიშვნა თანმხლებ მასალაზე
With note ტაბულები: გვ. 293-330.
საკუთარ სახელთა საძ.: გვ. 278-292.
504 ## - BIBLIOGRAPHY, ETC. NOTE
Bibliography, etc ბიბლიოგრ. ტექსტ. შენიშვნ. და გვ. 264-273.
653 ## - INDEX TERM--UNCONTROLLED
Uncontrolled term ქართული ეკლესია-მონასტრები თურქეთში.
700 ## - ADDED ENTRY--PERSONAL NAME
Personal name მეტრეველი, როინ
Relator term რედაქტორი
9 (RLIN) 17453
710 ## - ADDED ENTRY--CORPORATE NAME
Corporate name or jurisdiction name as entry element თსუ-ს საქ. ისტორ. კათედრა.
Subordinate unit სამხრ. კავკ. და ანატოლიის შემსწავლელი ცენტრი.
9 (RLIN) 17454
942 ## - ADDED ENTRY ELEMENTS (KOHA)
Koha item type წიგნი
Source of classification or shelving scheme
ეგზემპლარები
ჩამოწერის სტატუსი დაკარგული ეგზემპლარის სტატუსი კლასიფიკაციის წყარო ან თაროზე გაწყობის სქემა დაზიანების სტატუსი არ გაიცემა მუდმივი მდებარეობა (დაცვის ადგილი) ამჟამინდელი ადგილსამყოფელი შეძენის თარიღი ღირებულება, შესყიდვის ნორმალური ფასი სრული შენახვის შიფრი შტრიხკოდი ბოლო ოპერაციის თარიღი ეგზემპლარის მიმდევრობითი ნომერი (კეტერი?) ფასის ძალაში შესვლის თარიღი ეგზემპლარის სახეობა საჯარო შენიშვნა თაროზე განთავსების ადგილი
          ბათუმის შოთა რუსთაველის სახელმწიფო უნივერსიტეტის მთავარი ბიბლიოთეკა ბათუმის შოთა რუსთაველის სახელმწიფო უნივერსიტეტის მთავარი ბიბლიოთეკა 2018-12-17 12.00 726.5(=353.1)(560) ხ-81 22934 2018-12-17 22934 2018-12-17 წიგნი 12 ლ.  
          ბათუმის შოთა რუსთაველის სახელმწიფო უნივერსიტეტის მთავარი ბიბლიოთეკა ბათუმის შოთა რუსთაველის სახელმწიფო უნივერსიტეტის მთავარი ბიბლიოთეკა 2018-12-17 12.00 726.5(=353.1)(560) ხ-81 22935 2018-12-17 22935 2018-12-17 წიგნი 12 ლ. წიგნსაცავი